000 00234nam a2200109Ia 4500
008 240625s9999 xx 000 0 und d
041 _aeng
082 _a423 OXF
100 _aOXFORD
245 _aBUSINESS ENGLISH PLUS
260 _c2005
999 _c33673
_d33673